000 00727na a2200253 4500
001 15585
003 MIRAKIL
005 20181213154821.0
008 160917b tu 000 0
020 _a9789759596644
040 _aMilas
_btur
_cTR-AnCHP
082 _a340.309561
_bA71d 2010
090 _a340.309561 A71d 2010
100 _aAşçıoğlu, Çetin
245 _aDoğru ve güvenli yargı özlemi ve yeniden yapılanma
_b(reform)
_cÇetin Aşçıoğlu
246 _areform
246 _a(reform)
260 _aAnkara
_b[yayl.y.]
_c2010
300 _axi, 192 s.
_c24 sm.
650 _aAdalet yönetimi
_zTürkiye
650 _aHukuk reformu
_zTürkiye
650 _aYargı reformu
_zTürkiye
942 _2ddc
_cBKS
999 _c1375
_d1375